Funny, you don't look like a grandmother / (Record no. 338)

MARC details
000 -LEADER
fixed length control field 00877cam a2200265 a 4500
005 - DATE AND TIME OF LATEST TRANSACTION
control field 20260322212016.0
008 - FIXED-LENGTH DATA ELEMENTS--GENERAL INFORMATION
fixed length control field data
010 ## - LIBRARY OF CONGRESS CONTROL NUMBER
LC control number 88020387
020 ## - INTERNATIONAL STANDARD BOOK NUMBER
International Standard Book Number 0517571579 :
Terms of availability {dollar}12.95
020 ## - INTERNATIONAL STANDARD BOOK NUMBER
International Standard Book Number 9780517571576 :
Terms of availability {dollar}12.95
040 ## - CATALOGING SOURCE
Original cataloging agency DLC
Transcribing agency DLC
Modifying agency DLC
043 ## - GEOGRAPHIC AREA CODE
Geographic area code n-us---
050 00 - LIBRARY OF CONGRESS CALL NUMBER
Classification number PN6231.G8
Item number W96 1989
082 00 - DEWEY DECIMAL CLASSIFICATION NUMBER
Classification number 818/.5402
Edition information 20
092 ## - LOCALLY ASSIGNED DEWEY CALL NUMBER (OCLC)
Classification number 818 W96 1989
001 - CONTROL NUMBER
control field data
100 1# - MAIN ENTRY--PERSONAL NAME
Personal name Wyse, Lois.
245 10 - TITLE STATEMENT
Title Funny, you don't look like a grandmother /
Statement of responsibility, etc. Lois Wyse.
250 ## - EDITION STATEMENT
Edition statement Large print edition.
260 ## - PUBLICATION, DISTRIBUTION, ETC.
Place of publication, distribution, etc. Maine :
Name of publisher, distributor, etc. Thorndike Press,
Date of publication, distribution, etc. c1989.
300 ## - PHYSICAL DESCRIPTION
Extent 151 p. :
Other physical details ill. ;
Dimensions 21 cm.
650 #0 - SUBJECT ADDED ENTRY--TOPICAL TERM
Topical term or geographic name entry element Grandmothers
Geographic subdivision United States
General subdivision Anecdotes.
856 42 - ELECTRONIC LOCATION AND ACCESS
Materials specified Contributor biographical information
Uniform Resource Identifier <a href="http://www.loc.gov/catdir/bios/random056/88020387.html">http://www.loc.gov/catdir/bios/random056/88020387.html</a>
856 42 - ELECTRONIC LOCATION AND ACCESS
Materials specified Publisher description
Uniform Resource Identifier <a href="http://www.loc.gov/catdir/description/random0413/88020387.html">http://www.loc.gov/catdir/description/random0413/88020387.html</a>
Holdings
Withdrawn status Lost status Damaged status Not for loan Home library Current library Shelving location Date acquired Total checkouts Full call number Barcode Date last seen Price effective from Koha item type
        Centerville Centerville General stacks 22/03/2026   818/.5402 20 BC0010348 22/03/2026 22/03/2026 Books